01584nam a2200253 a 4500001001000000005001700010008004100027041000800068044000700076084002100083100004500104245011200149260003200261300002200293500029200315500010100607500037600708500000901084650005201093650005601145650003401201650004501235740005001280BRCA_242720190320203814.0141108s1782----sp-a---###---#000-0#spa-u aspa asp a068b.M376c17821 aCervantes Saavedra, Miguel ded1547-161610aVida y hechos del Ingenioso Caballero Don Quixote de la Manchaccompuesto por Miguel de Cervantes Saavedra. aMadridbManuel Martinc1782 a4 v.bil.c16 cm. aContenido : v 1. Primera parte. Dedicatoria a D. Quijote por Cide Hamete Benengeli. Algunos versos preliminares. Prólogo del autor. Texto. -- v 2. Texto. -- v 3. Segunda parte. Versos preliminares. Poesías de los académicos de Argamasilla. Prólogo del autor. Texto. -- v 4. Texto aEdición : Nueva edición. Corregida e ilustrada con 44 estampas. Dedicada al mismo D. Quixote aEsta edición viene a ser una reimpresión de la de 1777 del mismo editor, pero con la variante de escribir Quixote , dexó, dixo, en lugar de Quijote, dejó y dijo, que se lee en aquélla, y la supresión de la Vida de Cervantes. Tiene las mismas estampas, malas y borrosas. Plena piel; lomeras y cubiertas adornadas con filetes y florones dorados Lúdovik Osterc aQM6714aNovela españolayÉpoca clásica, 1500-170014aLiteratura españolayÉpoca clásica, 1500-170014aNovela españolaySiglo XVII14aDon Quijote (Personaje ficticio)eNovela0 aEl Ingenioso Hidalgo Don Quijote de la Mancha